شرح نهج البلاغة ;; Sharḥ Nahj al-balāghah / (Record no. 78719)
[ view plain ]
| 000 -LEADER | |
|---|---|
| fixed length control field | 00871cam a2200229 4500 |
| 001 - CONTROL NUMBER | |
| control field | 78719 |
| 003 - CONTROL NUMBER IDENTIFIER | |
| rucl marc code | BD-RjUL |
| 005 - DATE AND TIME OF LATEST TRANSACTION | |
| control field | 20211209083151.0 |
| 008 - FIXED-LENGTH DATA ELEMENTS--GENERAL INFORMATION | |
| fixed length control field | 211108m19591964ir 000 0 ara d |
| 035 ## - SYSTEM CONTROL NUMBER | |
| System control number | (BD-RjUL)78945 |
| 040 ## - CATALOGING SOURCE | |
| Original cataloging agency | PUL |
| Transcribing agency | PUL |
| Modifying agency | OCLCQ |
| -- | OCLCG |
| -- | NDD |
| -- | OCLCA |
| -- | UkOxU |
| Language of cataloging | eng |
| 041 ## - LANGUAGE CODE | |
| Language code of text/sound track or separate title | ara |
| 082 ## - DEWEY DECIMAL CLASSIFICATION NUMBER | |
| Edition number | 23 |
| Classification number | 297.2042 |
| Author mark and year | HAS 1959 |
| 100 ## - MAIN ENTRY--PERSONAL NAME | |
| Personal name | بن أبي , الحرير |
| 9 (RLIN) | 249686 |
| 245 10 - TITLE STATEMENT | |
| Title | شرح نهج البلاغة ;; Sharḥ Nahj al-balāghah / |
| Statement of responsibility, etc. | لابن أبي الحرير;;.li Ibn Abi al-Harir ; tahqiq muhamad abwalfadl abrahim ;; تحقيق محمد ابوالفضل ابراهيم;; |
| 260 ## - PUBLICATION, DISTRIBUTION, ETC. (IMPRINT) | |
| Place of publication, distribution, etc. | بيروت : |
| Name of publisher, distributor, etc. | دار الفكر , |
| Date of publication, distribution, etc. | 1378-84 [1959-64 |
| 300 ## - PHYSICAL DESCRIPTION | |
| Pagination | v.; |
| Size | 24 cm. |
| 650 ## - SUBJECT ADDED ENTRY--TOPICAL TERM | |
| Topical term or geographic name as entry element | Shīʿah -- Doctrines. |
| 9 (RLIN) | 249687 |
| 700 ## - ADDED ENTRY--PERSONAL NAME | |
| Personal name | إبراهيم، محمد أبو الفضل; |
| 942 ## - ADDED ENTRY ELEMENTS (KOHA) | |
| Source of classification or shelving scheme | Dewey Decimal Classification |
| Koha item type | Books |
| Lost status | Source of classification or shelving scheme | Damaged status | Not for loan | Collection code | Permanent Location | Current Location | Shelving location | Date acquired | Full call number | Date last seen | Copy number | Koha item type | Source of acquisition | Cost, normal purchase price | Total Checkouts |
|---|---|---|---|---|---|---|---|---|---|---|---|---|---|---|---|
| Dewey Decimal Classification | Not For Loan | Non-fiction | Central Library, University of Rajshahi | Central Library, University of Rajshahi | Reading Room | 08/11/2021 | A 297.2042 HAS V-3-4 1959 | 08/11/2021 | C-1 | Books | |||||
| Dewey Decimal Classification | Not For Loan | Non-fiction | Central Library, University of Rajshahi | Central Library, University of Rajshahi | Reading Room | 09/01/2022 | A 297.2042 HAS V-1.2 1959 | 09/01/2022 | C-1 | Books | |||||
| Dewey Decimal Classification | Not For Loan | Non-fiction | Central Library, University of Rajshahi | Central Library, University of Rajshahi | Reading Room | 19/08/1964 | A 297.2042 HAS V-5-6 1959 | 25/01/2022 | C-1 | Books | Urdu Library, Rajshahi | 20.31 | |||
| Dewey Decimal Classification | Not For Loan | Non-fiction | Central Library, University of Rajshahi | Central Library, University of Rajshahi | Reading Room | 19/08/1964 | A 297.2042 HAS V-7-8 1960 | 25/01/2022 | C-1 | Books | Urdu Library, Rajshahi | 20.31 | |||
| Dewey Decimal Classification | Not For Loan | Non-fiction | Central Library, University of Rajshahi | Central Library, University of Rajshahi | Reading Room | 19/08/1964 | A 297.2042 HAS V-9-10 1960 | 25/01/2022 | C-1 | Books | Urdu Library, Rajshahi | 20.31 | |||
| Dewey Decimal Classification | Not For Loan | Non-fiction | Central Library, University of Rajshahi | Central Library, University of Rajshahi | Reading Room | 19/08/1964 | A 297.2042 HAS V-11-12 1961 | 25/01/2022 | C-1 | Books | Urdu Library, Rajshahi | 20.31 | |||
| Dewey Decimal Classification | Not For Loan | Non-fiction | Central Library, University of Rajshahi | Central Library, University of Rajshahi | Reading Room | 19/08/1964 | A 297.2042 HAS V-13-14 1961 | 25/01/2022 | C-1 | Books | Urdu Library, Rajshahi | 20.31 | |||
| Dewey Decimal Classification | Not For Loan | Non-fiction | Central Library, University of Rajshahi | Central Library, University of Rajshahi | Reading Room | 19/08/1964 | A 297.2042 HAS V-15-16 1962 | 25/01/2022 | C-1 | Books | Urdu Library, Rajshahi | 20.31 |